Famous Photographers - Statistics

General Stats
  • This quiz has been taken 6 times
  • The average score is 7 of 21
Answer Stats
Answer % Correct
Ansel Adams
67%
Dorothea Lange
67%
Man Ray
67%
Margaret Bourke-White
67%
Brassai
50%
Cindy Sherman
50%
Walker Evans
50%
Annie Liebovitz
33%
Diane Arbus
33%
Henri Carter Bresson
33%
Nan Goldin
33%
Sally Mann
33%
Andreas Gursky
17%
Jacques Henri Lartigue
17%
Julia Cameron
17%
Richard Avedon
17%
Robert Capa
17%
Robert Doisneau
17%
Robert Frank
17%
Vivian Maier
17%
Lee Friedlander
0%
No matching quizzes found
Score Distribution
Percent of People with Each Score
Percentile by Number Answered
Your Score History
You have not taken this quiz